000 00528nam a2200217Ia 4500
003 0100
008 130227s9999 xx 000 0 und d
020 _a1111524912
040 _cARRUPELIB
050 _aBF698.A746 2012
100 _aAshcraft, Donna Musialowski
245 _aPersonality theories workbook
250 _a5th edition
260 _aBelmont
260 _bWadsworth
260 _C2012
300 _ax
300 _b 164p 23cm
650 _bBible NT Epistle of John, 1st - Commentaries
942 _2lcc
_02
999 _c5384
_d5384